000 00298nam a2200121Ia 4500
008 220204s9999 xx 000 0 und d
082 _a003
_bUNI
245 0 _aUniversity desk encyclopedia
260 _aLausanne
_bElsevier
_c1977
700 _aFriedhoff, H
700 _aLenthall, Ben
942 _cBK
999 _c33239
_d33239